[Event "COL-ch U16"]
[Site "Villavicencio"]
[Date "2022.05.12"]
[Round "2"]
[White "Cabrales Almanza, Josue Ricardo"]
[Black "Cubides Ferreira, Andres Felipe"]
[Result "1-0"]
[WhiteElo "1782"]
[BlackElo "1500"]
[PlyCount "59"]
[EventDate "2022.05.11"]
[EventType "swiss"]
[EventRounds "9"]
[EventCountry "COL"]
[SourceTitle "CBM 208 Extra"]
[Source "ChessBase"]
[SourceDate "2022.07.31"]
[SourceVersion "1"]
[SourceVersionDate "2022.07.31"]
[SourceQuality "1"]

1. Nf3 Nf6 2. c4 c5 3. g3 Nc6 4. Bg2 d6 5. d4 cxd4 6. Nxd4 Bd7 7. 0-0 Nxd4 8. Qxd4 Bc6 9. e4 e5 10. Qd3 Be7 11. Nc3 0-0 12. b4 b6 13. Bg5 h6 14. Bxf6 Bxf6 15. Rfd1 Rc8 16. Nd5 Bxd5 17. Qxd5 Qc7 18. Bh3 Rcd8 19. a4 g6 20. a5 Rfe8 21. axb6 Qxb6 22. b5 Qc7 23. Ra6 Be7 24. Rda1 Ra8 25. b6 Qc5 26. Qxc5 dxc5 27. Rxa7 Rxa7 28. bxa7 Ra8 29. Bd7 Bd8 30. Bc6 1-0